01652nam a22002177a 4500003000400000005001700004008004100021040002800062100004000090245024000130260003500370300001700405502020300422504005300625505045000678650006101128700004501189700003801234700002801272830013401300OSt20210219122748.0160229b xxu||||| |||| 00| 0 esp d cDO-SdBHAaDO-SdBHAbspa1 aDrullard, Elpidio Neroesustentante10aAnálisis de la planificación, supervisor y control logístico en las operaciones de la Policía Militar Electoral (2006-2010) / cElpidio Nero Drullard; Rafael A. Ulloa Ramírez ; asesores Santo D. Guerrero Clases, Fanny Torres  aSanto Domingo :bINSUDE,c2010 a65 páginas aTesis (Especialidad en Comando y Estado Mayor Conjunto). -- Instituto Superior para la Defensa (INSUDE). Escuela de Graduados de Educación Superior “General Juan Pablo Duarte y Díez”, 2010. aIncluye referencias bibliográficas e índices aTransformaciones de la policía militar electoral. -- Procesos electorales en Rep. Dom. -- Origen y creación de la policía militar electoral. -- Proceso de planificación operacional de la policía militar electoral. -- Control de las operaciones logísticas en la policía militar electoral. -- Interpretación de los resultados de la investigación de campo sobre la planificación logística de la policía militar electoral.  4aPolicía Militar Electoral -- Supervisión-logística1 aUlloa Ramírez, Rafael A. esustentante1 aGuerrero Clases, Santo D.easesor1 aTorres, Fanny easesor  aINSUDE. Escuela de Graduados de Educación Superior “General Juan Pablo Duarte y Díez”. Tesis y disertaciones académicas